|
|
|
|
| LEADER |
00774nas a2200205 i 4500 |
| 001 |
acta54818 |
| 005 |
20260224081030.0 |
| 008 |
180530s2018 hu o 000 hun d |
| 022 |
|
|
|a 1417-3875
|
| 024 |
7 |
|
|a 10.14232/ejqtde.2018.1.13
|2 doi
|
| 040 |
|
|
|a SZTE Egyetemi Kiadványok Repozitórium
|b hun
|
| 041 |
|
|
|a hun
|
| 100 |
1 |
|
|a Cid José Ángel
|
| 245 |
1 |
2 |
|a A Lipschitz condition along a transversal foliation implies local uniqueness for ODEs
|h [elektronikus dokumentum] /
|c Cid José Ángel
|
| 260 |
|
|
|c 2018
|
| 300 |
|
|
|a 1-14
|
| 490 |
0 |
|
|a Electronic journal of qualitative theory of differential equations
|
| 695 |
|
|
|a Lipschitz-tulajdonság
|
| 700 |
0 |
1 |
|a Tojo F. Adrián F.
|e aut
|
| 856 |
4 |
0 |
|u http://acta.bibl.u-szeged.hu/54818/1/ejqtde_2018_013_001-014.pdf
|z Dokumentum-elérés
|